<?xml version="1.0" encoding="UTF-8"?>
<collection xmlns="http://www.loc.gov/MARC21/slim">
 <record>
  <leader>00729pamaa2200205   4500</leader>
  <controlfield tag="001">0000050216</controlfield>
  <controlfield tag="005">20130815090000.0</controlfield>
  <controlfield tag="008">120619s2013                             eng  </controlfield>
  <datafield tag="020" ind1="0" ind2="0">
   <subfield code="a">9781133104544 / 9781133104541 (pbk.) </subfield>
  </datafield>
  <datafield tag="090" ind1="0" ind2="0">
   <subfield code="a">QP36 </subfield>
   <subfield code="b">SHE 2013</subfield>
  </datafield>
  <datafield tag="100" ind1="1" ind2="0">
   <subfield code="a">Sherwood </subfield>
  </datafield>
  <datafield tag="245" ind1="1" ind2="0">
   <subfield code="a">Introduction to human physiology  </subfield>
   <subfield code="c">Lauralee Sherwood.</subfield>
  </datafield>
  <datafield tag="250" ind1="0" ind2="0">
   <subfield code="a">8th ed.</subfield>
  </datafield>
  <datafield tag="260" ind1="0" ind2="0">
   <subfield code="a">Belmont, Calif.: </subfield>
   <subfield code="b">Brooks/Cole ; London : Thomson Learning [distributor], </subfield>
   <subfield code="c">2013.</subfield>
  </datafield>
  <datafield tag="300" ind1=" " ind2=" ">
   <subfield code="a">xxxiii, 736 p. (I-38p.); </subfield>
   <subfield code="c">29 cm..</subfield>
  </datafield>
  <datafield tag="501" ind1="0" ind2="0">
   <subfield code="a">FMHS</subfield>
  </datafield>
  <datafield tag="504" ind1="0" ind2="0">
   <subfield code="a">Includes bibliographical references and index</subfield>
  </datafield>
  <datafield tag="650" ind1="0" ind2="0">
   <subfield code="a">Human physiology -- </subfield>
   <subfield code="x">Study and teaching </subfield>
  </datafield>
  <datafield tag="650" ind1="0" ind2="0">
   <subfield code="a">Human physiology -- </subfield>
   <subfield code="x">Textbooks </subfield>
  </datafield>
  <datafield tag="901" ind1=" " ind2=" ">
   <subfield code="u">http://www.thomsonlearning.com</subfield>
  </datafield>
 </record>
</collection>
